000 00346 a2200133 4500
001 53555
082 _aclose shelve
090 _c33692
_d33692
100 _aHill.P.G ; Peterson
245 _aMechanics and thermodynamics of Propulsion ; instructor's manual, 2/e
250 _a2/e
260 _aUSA
_bAddison WesleyUSA
_c1995
650 _asolution manual
942 _aNUST-CAE
999 _c288628
_d288628